000 00390 a2200169 4500
001 195395
020 _a978-85-356-1965-2
040 _cMagnum
100 _aMenezes, Delba de Avelar
240 1 0 _aCaraminholas de Zé Pregueté
_lpor
245 1 0 _aCaraminholas de Zé Pregueté
300 _a24
362 0 _a2007
440 1 _aPaulinas
697 _aLITERATURA INFANTO
942 _cBK
999 _c195395
_d195395